000
00184nam a22000977a 4500
100
_a
Dhama
245
_a
Prenapunj Kiran Badi
260
_b
Gayanvigyan
300
_a
158
942
_2
ddc
_c
BK
999
_c
4328
_d
4328